000 01082aam a2200325 i 4500
001 015483461
003 EG-ScBUE
005 20251130102341.0
008 091124s2010 enka f b 001 0 eng d
020 _a9780415558426 (pbk.)
020 _a0415558425 (pbk.)
040 _aStDuBDS
_beng
_erda
_cStDuBDS
_dUk
_dEG-ScBUE
082 0 4 _a302.23
_222
_bBRA
100 1 0 _aBranston, Gill,
_eauthor.
245 1 4 _aThe media student's book /
_cGill Branston with Roy Stafford.
250 _aFifth edition.
264 1 _aLondon ;
_aNew York :
_bRoutledge,
_c2010.
300 _axxv, 457 pages :
_billustrations (some color) ;
_c25 cm
336 _atext
_2rdacontent
_btxt
337 _aunmediated
_2rdamedia
_bn
338 _avolume
_2rdacarrier
_bnc
500 _aFormerly CIP.
_5Uk
500 _a"Simultaneously published in the USA and Canada"--T.p. verso.
504 _aIncludes bibliographical references and index.
650 7 _aMass media.
_2BUEsh
655 _vReading book
700 1 _aStafford, Roy,
_eauthor.
942 _2ddc
_cBB
999 _c31029
_d31000